Diseño del sistema de abastecimiento de agua potable para las comunidades Zompopera y El Bojazo, Municipio de Santa María de Pantasma, Jinotega.

Presenta el diseño del sistema de abastecimiento de agua potable para las comunidades Zompopera y El Bojazo, Municipio de Santa María de Pantasma, Jinotega en el cual se realizó un estudio socioeconómico para conocer la situación actual así como análisis de las posibles fuentes de abastecimie...

Full description

Bibliographic Details
Main Authors: García Machado, Ellam Missael, Martínez Zeledón, Chenier Rabzar
Other Authors: Tutor: Castellón Zelaya, Mario Francisco
Format: Tesis Section = Libro
Language:Undetermined
Spanish
Published: Managua UNI 2017
Subjects:
LEADER 01337nam a2200277Ia 4500
008 240830s9999 xx 000 0 und d
040 |a BIBLIOTECA-RUPAP Mon 628.72 G216 
041 |a spa 
082 |a Mon 628.72 G216 
100 1 |a García Machado, Ellam Missael 
100 1 |b  Martínez Zeledón, Chenier Rabzar 
245 1 0 |a Diseño del sistema de abastecimiento de agua potable para las comunidades Zompopera y El Bojazo, Municipio de Santa María de Pantasma, Jinotega. 
260 |a Managua  |b UNI  |c 2017 
300 |a 83 p. :il. 
500 |a Contiene anexos y CD 
502 |a Tesis (Ingeniero Civil)- UNI, 2017. 
520 3 |a Presenta el diseño del sistema de abastecimiento de agua potable para las comunidades Zompopera y El Bojazo, Municipio de Santa María de Pantasma, Jinotega en el cual se realizó un estudio socioeconómico para conocer la situación actual así como análisis de las posibles fuentes de abastecimiento para la calidad y cantidad de agua por medio del uso de normas de diseño. 
650 7 |a SISTEMA DE ABASTECIMIENTO DE AGUA – DISEÑO 
650 7 |b AGUA POTABLE 
650 7 |c CALIDAD DEL AGUA 
650 7 |d TANQUE DE ALMACENAMIENTO DE AGUA 
650 7 |e OBRAS HIDRAULICAS 
700 1 |a Tutor:  |b Castellón Zelaya, Mario Francisco 
942 |c BK  |2 ddc 
991 |a TESIS 
999 |c 16496